| 000 | 00433nam a2200157 i 4500 | ||
|---|---|---|---|
| 001 | 95786 | ||
| 003 | ES-MaACL | ||
| 005 | 20230906181755.0 | ||
| 007 | t| | ||
| 008 | 050606s1969 sp ||||1| spa d | ||
| 100 | 0 |
_aMaciĆ Pons, Trino. _975208 |
|
| 245 | 1 | 4 |
_aLos milagros ante la ciencia / _cTrino Macia Pons. |
| 260 |
_aBarcelona : _bCasals, _c1969. |
||
| 300 |
_a263 p. : _bil. ; _c22 cm. |
||
| 852 |
_aES-MaACL _jC-48486 _bR.69965 |
||
| 999 |
_c95786 _d95786 |
||